| 000 | 01095cam a22001934a 4500 | ||
|---|---|---|---|
| 005 | 20250605164124.0 | ||
| 008 | 250528s ||||||||||||||||||||||||d | ||
| 035 | _a18390 | ||
| 020 | _a130907634 | ||
| 040 |
_aGR-AtMCL _bgre _dGR-AtMCL _eAACR2 |
||
| 245 | 1 | _aSoap / Cross Platform Web Service Development Using XML | |
| 260 |
_bPrentice Hall, _c2002 |
||
| 300 | _a402 | ||
| 520 | _aSOAP is the universal ''glue'' that can integrate virtually any distributed system, helping enterprises streamline processes and communications across the Internet as never before. Includes CD-ROM. Foreword, Acknowledgements, SOAP - Everything You Want to Know, How We Got to Soap, XML Overview, The SOAP Specification, Building a Basic SOAP Client and Server, Related Technologies, Web Services Description Language, Available SOAP Implementations, Case Study: A Web-Based Auction System, Auction System Design, Bidder Enrollment, Category and Item Management, The Bidding System, Case Study Summary, Appendix, Index. | ||
| 700 | 1 |
_aSeely Scott _94666 |
|
| 942 | _cBK | ||
| 999 |
_c3752 _d3752 |
||